[Event "Bremen-ch op"]
[Site "Delmenhorst"]
[Date "2011.04.23"]
[Round "8"]
[White "Brandt, Lothar"]
[Black "Von Oehsen, Hasso"]
[Result "1-0"]
[WhiteElo "1745"]
[BlackElo "1758"]
[PlyCount "43"]
[EventDate "2011.04.16"]
[EventType "swiss"]
[EventRounds "9"]
[EventCountry "GER"]
[SourceTitle "EXT 2012"]
[Source "ChessBase"]
[SourceDate "2011.11.24"]
[SourceVersion "1"]
[SourceVersionDate "2011.11.24"]
[SourceQuality "1"]

1. e4 e6 2. d4 d5 3. Nc3 Bb4 4. e5 Ne7 5. a3 Bxc3+ 6. bxc3 c5 7. Qg4 Qc7 8. Qxg7 Rg8 9. Qxh7 cxd4 10. Qd3 Qxe5+ 11. Ne2 Nbc6 12. cxd4 Qg7 13. Bf4 e5 14. Bxe5 Nxe5 15. dxe5 Qxe5 16. c3 Bd7 17. f4 Qe6 18. Rb1 Bc6 19. Kf2 Qh6 20. g3 0-0-0 21. Nd4 Rh8 22. Bg2 1-0